SIKSHA ANUSANDHAN (Record no. 49916)
[ view plain ]
| 000 -LEADER | |
|---|---|
| fixed length control field | nam a22 7a 4500 |
| 003 - CONTROL NUMBER IDENTIFIER | |
| control field | OSt |
| 005 - DATE AND TIME OF LATEST TRANSACTION | |
| control field | 20200318142754.0 |
| 008 - FIXED-LENGTH DATA ELEMENTS--GENERAL INFORMATION | |
| fixed length control field | 200318b xxu||||| |||| 00| 0 eng d |
| 040 ## - CATALOGING SOURCE | |
| Transcribing agency | SERO SOFT |
| 100 ## - MAIN ENTRY--PERSONAL NAME | |
| Personal name | SHARMA R.A. DR. |
| 245 ## - TITLE STATEMENT | |
| Title | SIKSHA ANUSANDHAN |
| 250 ## - EDITION STATEMENT | |
| Edition statement | NEW |
| 260 ## - PUBLICATION, DISTRIBUTION, ETC. | |
| Place of publication, distribution, etc. | MEERUT |
| Name of publisher, distributor, etc. | R.LALL |
| 300 ## - PHYSICAL DESCRIPTION | |
| Extent | 768 |
| 942 ## - ADDED ENTRY ELEMENTS (KOHA) | |
| Source of classification or shelving scheme | |
| Koha item type | Text-Book- for 7 days |
| Withdrawn status | Lost status | Source of classification or shelving scheme | Damaged status | Not for loan | Home library | Current library | Date acquired | Cost, normal purchase price | Inventory number | Total Checkouts | Barcode | Date last seen | Date last checked out | Price effective from | Koha item type |
|---|---|---|---|---|---|---|---|---|---|---|---|---|---|---|---|
| PT. Deen Dayal Upadhyay Management College-Education | PT. Deen Dayal Upadhyay Management College-Education | 03/18/2020 | 325.00 | 74585 | 1 | 07-B-12806 | 04/22/2026 | 04/16/2026 | 03/18/2020 | Text-Book- for 7 days | |||||
| PT. Deen Dayal Upadhyay Management College-Education | PT. Deen Dayal Upadhyay Management College-Education | 03/18/2020 | 325.00 | 74585 | 1 | 07-B-12807 | 05/06/2023 | 04/25/2023 | 03/18/2020 | Text-Book- for 7 days | |||||
| PT. Deen Dayal Upadhyay Management College-Education | PT. Deen Dayal Upadhyay Management College-Education | 03/18/2020 | 325.00 | 74585 | 1 | 07-B-12808 | 04/27/2023 | 04/25/2023 | 03/18/2020 | Text-Book- for 7 days |

